Housing market bubble will not burst in 2004 (Record no. 74003)
[ view plain ]
| 000 -LEADER | |
|---|---|
| fixed length control field | 01447cam a2200253 4500 |
| 001 - CONTROL NUMBER | |
| control field | WB4001-24 |
| 008 - FIXED-LENGTH DATA ELEMENTS--GENERAL INFORMATION | |
| fixed length control field | 031223n2003 000 0 eng u |
| 035 ## - SYSTEM CONTROL NUMBER | |
| System control number | (Sirsi) u124694 |
| 245 ## - TITLE STATEMENT | |
| Title | Housing market bubble will not burst in 2004 |
| 260 ## - PUBLICATION, DISTRIBUTION, ETC. | |
| Date of publication, distribution, etc. | 2003 |
| 490 ## - SERIES STATEMENT | |
| Series statement | RICS News Service |
| Volume/sequential designation | (pr127) 23 December 2003 (2) |
| 520 ## - SUMMARY, ETC. | |
| Summary, etc. | The RICS "Economic forecast: UK residential property" for 2004 predicts that house prices will increase by 6% in 2004, slowing down from the 11% rise expected for 2003 as result of a gradual rise in interest rates. London and other southern regions' price increases will remain subdued at 5% and northern regions' prices will rise by over 10%, significantly less than in 2003. Lack of properties for sale will exert upward pressure on prices in the first half of 2004. Housing demand will be boosted by economic recovery. The forecast is available at http://www.rics.org/resources/economic_analysis/residential_economic_forecast.html http://www.rics.org/ricscms/bin/show?class=PressRelease&template=/includes/showpr.html&id=1095&faculty=RICS |
| 590 ## - LOCAL NOTE (RLIN) | |
| Local note | WB |
| 650 ## - SUBJECT ADDED ENTRY--TOPICAL TERM | |
| Topical term or geographic name entry element | ECONOMIC FORECASTS |
| 650 ## - SUBJECT ADDED ENTRY--TOPICAL TERM | |
| Topical term or geographic name entry element | HOUSE PRICES |
| 650 ## - SUBJECT ADDED ENTRY--TOPICAL TERM | |
| Topical term or geographic name entry element | RESIDENTIAL PROPERTY MARKET |
| 650 ## - SUBJECT ADDED ENTRY--TOPICAL TERM | |
| Topical term or geographic name entry element | INTEREST RATES |
| 650 ## - SUBJECT ADDED ENTRY--TOPICAL TERM | |
| Topical term or geographic name entry element | BUY-TO-LET |
| 650 ## - SUBJECT ADDED ENTRY--TOPICAL TERM | |
| Topical term or geographic name entry element | FIRST-TIME BUYERS |
| 650 ## - SUBJECT ADDED ENTRY--TOPICAL TERM | |
| Topical term or geographic name entry element | INVESTMENT BUYING |
| 650 ## - SUBJECT ADDED ENTRY--TOPICAL TERM | |
| Topical term or geographic name entry element | REGIONAL VARIATIONS |
| 690 ## - LOCAL SUBJECT ADDED ENTRY--TOPICAL TERM (OCLC, RLIN) | |
| Topical term or geographic name as entry element | PROPERTY-RESIDENTIAL PROPERTY-RESIDENTIAL PROPERTY MARKET |
| 942 ## - ADDED ENTRY ELEMENTS (KOHA) | |
| Suppress in OPAC | 0 |
| Withdrawn status | Lost status | Source of classification or shelving scheme | Damaged status | Not for loan | Home library | Current library | Shelving location | Date acquired | Total Checkouts | Full call number | Barcode | Date last seen | Copy number | Price effective from | Koha item type |
|---|---|---|---|---|---|---|---|---|---|---|---|---|---|---|---|
| Dewey Decimal Classification | London | London | News article | 23/12/2003 | WB4001-24 | 124694-1001 | 06/08/2019 | 1 | 06/08/2019 | News article |